The analysis design, and synthesis of electrical filters
Saved in:
| Main Author: | |
|---|---|
| Format: | Book |
| Language: | English |
| Published: |
Englewood Cliffs
Prentice-Hall
1970
|
| Series: | Prentice-Hall Networks
|
| Subjects: | |
| Tags: |
Add Tag
No Tags, Be the first to tag this record!
|
MARC
| LEADER | 00000nam a2200000 a 4500 | ||
|---|---|---|---|
| 001 | UCU5386 | ||
| 003 | CL-VaPUC | ||
| 008 | 960531e19700000us |||||||||||||||||eng|d | ||
| 082 | 0 | 4 | |a 621.319 |b HUM |2 21 |
| 100 | 0 | |a Humpherys, DeVerl S |e author |9 363360 | |
| 245 | 1 | 4 | |a The analysis design, and synthesis of electrical filters |
| 300 | |a 675 p | ||
| 942 | |c BK | ||
| 945 | |d 19960531 00:00:00 |a paguirre | ||
| 260 | |a Englewood Cliffs |b Prentice-Hall |c 1970 | ||
| 650 | 0 | |a Circuitos eléctricos |9 260262 | |
| 650 | 0 | |a Transformaciones de Laplace |9 260072 | |
| 650 | 0 | |a Ecuaciones |9 260137 | |
| 650 | 7 | |a FORTRAN |2 CL-VaPUC |9 260109 | |
| 650 | 0 | |a Computadores |9 258188 | |
| 583 | |a last modification |c 20150428 09:56:38 |k Rodrigo Vera | ||
| 490 | 0 | |a Prentice-Hall Networks | |
| 999 | |c 248764 |d 248762 | ||
| 952 | |0 0 |1 0 |4 0 |6 621_319000000000000_HUM_1970 |7 0 |8 A |9 265602 |a BIBING |b BIBING |d 2019-11-19 |i 1673750 |o 621.319 HUM 1970 |p 1673750 |r 2025-01-20 |w 2019-11-19 |y BK |k EIE | ||